000 00483nam a2200181Ia 4500
001 3823
005 20260306145711.0
008 260306t2001||||xx |||||||||||||| ||spa||
041 _aESP
082 _a303.48407
_bN89
100 _aCentro de Investigaciones Sociales
_eAUT
245 0 _aLos nuevos movimientos sociales:
_bde la ideología a la identidad
260 _c2001
300 _axvi, 477 páginas :
_c24 cm.
650 _aGEN
654 _aCHU
942 _cLIB
_dJUS
_fJUS
_2ddc
_n
999 _c3823
_d3823